000 00585cam a2200217 4500
001 B704
008 090401t1985 xxu||||| |||| 00| 0 eng d
035 _a(Sirsi) u37490
041 _aeng
050 _a333.0025417
110 _aSociety of Chartered Surveyors in the Republic of Ireland
_91971
245 _aYearbook & directory 1985
260 _aDublin
_bSociety of Chartered Surveyors in the Re
_c1985
300 _a74p. : ill. ; 30cm.
350 _a0
650 _aABOUT RICS-RICS MEMBERS
650 _aDIRECTORIES
650 _aEIRE
942 _n0
948 _c04/03/1997
999 _c90487
_d90487